00718nam a22002295i 4500001000700000003000900007005001700016008004100033080001500074100002300089245004700112250001300159260005600172300002800228490005400256500001400310504003000324546002400354651002100378830005400399852003500453176254ES-MaACL20230906220030.0101228s1949 fr |||| | fre d a930.85(37)1 aPiganiol, André.10aHistoire de Rome / cpar André Piganiol. a3e éd. aParis : bPresses Universitaires de France, c1949. aXXXV, 610 p. ; c19 cm.1 aClio, introduction aux études historiques ; v3 aÍndice. aBibliografía: p. XI-LI. aTexto en francés. 4aRoma-xHistoria.0 aClio, introduction aux études historiques ; v3 aES-MaACLjE-13917 xOlim P-671